[Event "Summer Prague Open 2024 - A"]
[Site "Olympik hotel, Sokolovska 138, Praha"]
[Date "2024.08.04"]
[Round "3"]
[Board "22"]
[White "Galymbek, Alikhan"]
[Black "Zvolensky, David"]
[Result "1-0"]
[WhiteElo "1970"]
[BlackElo "2167"]
[PlyCount "0"]
[EventDate "2024.08.02"]
[EventRounds "9"]
[EventCountry "CZE"]

1. e4 e5 2. d4 exd4 3. Qxd4 Nc6 4. Qe3 d6 5. Nc3 g6 6. Bd2 Bg7 7. O-O-O Be6 8. f4
Nge7 9. Nf3 Qd7 10. Nd5 O-O 11. Bc3 f6 12. Nxe7+ Qxe7 13. Kb1 a6 14. Qf2 b5 15. f5
Bf7 16. Bd3 Ne5 17. h4 c5 18. Bxe5 dxe5 19. fxg6 hxg6 20. h5 c4 21. hxg6 Bxg6 22.
Qg3 c3 23. Qxg6 Qb4 24. Qh7+ Kf7 25. Nxe5+ fxe5 26. Rhf1+ Ke6 27. Bc4+ bxc4 28. Qh3+
Ke7 29. Qd7#  1-0

[Event "Summer Prague Open 2024 - A"]
[Site "Olympik hotel, Sokolovska 138, Praha"]
[Date "2024.08.04"]
[Round "3"]
[Board "23"]
[White "Davidek, Zdenek"]
[Black "Pahud, Cedric"]
[Result "0-1"]
[WhiteElo "1964"]
[BlackElo "2152"]
[PlyCount "0"]
[EventDate "2024.08.02"]
[EventRounds "9"]
[EventCountry "CZE"]

1. d4 Nf6 2. Nf3 c5 3. d5 b5 4. Bg5 d6 5. c4 a6 6. Qc2 Nbd7 7. e4 Rb8 8. Nbd2 g6
9. Be2 Bg7 10. h3 O-O 11. O-O Re8 12. Rfe1 e5 13. dxe6 Rxe6 14. cxb5 axb5 15. a4
bxa4 16. Bc4 Re7 17. Bf4 Ne8 18. Bg5 Nef6 19. Bf4 Ne8 20. Bg5 Rxb2 21. Bxe7 Qxe7
22. Qd3 Rb4 23. Ra2 Nb6 24. Rc2 Nc7 25. Ba2 Nb5 26. Nc4 Nd4 27. Nxd4 Bxd4 28. Nxb6
Rxb6 29. Bd5 Be6 30. Rce2 Qf6 31. Kh1 Kg7 32. Rf1 Bxd5 33. exd5 Rb3 34. Qc4 Rc3 35.
Qxa4 Rxh3+ 36. gxh3 Qf3+ 37. Kh2 Qxe2 38. Qd1 Qe5+ 39. Kg2 Qxd5+ 40. Qf3 Qe6 41.
Rb1 Bf6 42. Rb6 Be5 43. Rc6 h5 44. Qe4 Qf6 45. Rc8 Qg5+ 46. Kf1 Qf4 47. Qa8 Bd4 48.
Rg8+ Kh7  0-1

[Event "Summer Prague Open 2024 - A"]
[Site "Olympik hotel, Sokolovska 138, Praha"]
[Date "2024.08.04"]
[Round "3"]
[Board "24"]
[White "Yedid, Lior"]
[Black "Kotal, Vaclav"]
[Result "1/2-1/2"]
[WhiteElo "1951"]
[BlackElo "2151"]
[PlyCount "0"]
[EventDate "2024.08.02"]
[EventRounds "9"]
[EventCountry "CZE"]

1. e4 c5 2. g3 d5 3. exd5 Qxd5 4. Nf3 Bg4 5. Bg2 Qe6+ 6. Kf1 Nc6 7. h3 Bh5 8. Nc3
Nf6 9. d3 Qd6 10. g4 Bg6 11. Nd2 Rd8 12. Nc4 Qb8 13. Qf3 e5 14. Qe2 Nd4 15. Qxe5+
Qxe5 16. Nxe5 Nxc2 17. Nxg6 hxg6 18. Rb1 Bd6 19. Bg5 O-O 20. Bxb7 Be5 21. Ba6 Rd6
22. Bc4 Bxc3 23. bxc3 Na3 24. Bxf6 Rxf6 25. Rb7 Nxc4 26. dxc4 Rd8 27. Ke2 Ra6 28.
Rhb1 Rxa2+ 29. R1b2 Ra6 30. Rc7 Re6+ 31. Kf1 Rf6 32. Rxa7 g5 33. Rc7 Rd3 34. Rxc5
Rxc3 35. Rxg5 Rxc4 36. Rb8+ Kh7 37. Rh5+ Kg6 38. Rbb5 Rff4 39. Rhg5+ Kf6 40. Rbf5+
Rxf5 41. Rxf5+ Ke6 42. Kg2 f6 43. Kg3 g5 44. h4 Rc3+ 45. f3 gxh4+ 46. Kxh4 Rc8 47.
Kh5 Rg8 48. Kh6 Kf7 49. Kh7 Rg7+ 50. Kh6 Rg8 51. Kh7 Rg7+ 52. Kh6  1/2-1/2

[Event "Summer Prague Open 2024 - A"]
[Site "Olympik hotel, Sokolovska 138, Praha"]
[Date "2024.08.04"]
[Round "3"]
[Board "25"]
[White "Steiner, Juraj"]
[Black "Houska, Jiri"]
[Result "0-1"]
[WhiteElo "1959"]
[BlackElo "2138"]
[PlyCount "0"]
[EventDate "2024.08.02"]
[EventRounds "9"]
[EventCountry "CZE"]

1. d4 Nf6 2. c4 g6 3. Nc3 Bg7 4. e4 d6 5. Be2 O-O 6. Be3 Na6 7. g4 c5 8. g5 Ng4 9.
Bxg4 Bxg4 10. f3 Bh5 11. Nd5 e6 12. Nf4 Qxg5 13. Ngh3 Qf6 14. Rg1 Bxf3 15. Qxf3 e5
16. dxe5 dxe5 17. Bd2 exf4 18. Bc3 Qh4+ 19. Kf1 Bxc3 20. bxc3 Nc7 21. Nxf4 Qf6 22.
Kg2 Ne6 23. Nd5 Qxf3+ 24. Kxf3 Kg7 25. a4 Rad8 26. e5 Rd7 27. Rab1 Nd8 28. Rge1 Nc6
29. Re4 b6 30. h4 Na5 31. Rg1 Nxc4 32. Nf6 Nxe5+  0-1

[Event "Summer Prague Open 2024 - A"]
[Site "Olympik hotel, Sokolovska 138, Praha"]
[Date "2024.08.04"]
[Round "3"]
[Board "26"]
[White "Lihotsky, Lukas"]
[Black "Cichon, Bartlomiej"]
[Result "0-1"]
[WhiteElo "2104"]
[BlackElo "1992"]
[PlyCount "0"]
[EventDate "2024.08.02"]
[EventRounds "9"]
[EventCountry "CZE"]

1. d4 Nf6 2. c4 g6 3. Nc3 Bg7 4. e4 d6 5. Be2 O-O 6. Nf3 e5 7. O-O Bg4 8. d5 a5 9.
Bg5 Na6 10. Nd2 Bd7 11. a3 h6 12. Be3 b6 13. Rb1 h5 14. h3 Nh7 15. b4 f5 16. f3 f4
17. Bf2 Bf6 18. c5 axb4 19. axb4 bxc5 20. Bxa6 Rxa6 21. bxc5 Bh4 22. Qe1 Bxf2+ 23.
Qxf2 g5 24. c6 Bc8 25. Rb8 g4 26. fxg4 hxg4 27. hxg4 Qg5 28. Nf3 Qxg4 29. Nb5 Nf6
30. Qh4 Ra2 31. Qxg4+ Nxg4 32. Nc3 Rc2 33. Nd1 Ba6 34. Rxf8+ Kxf8 35. Re1 Be2 36.
Ng5 Rc1 37. Ne6+ Ke7 38. Nxc7 Rxd1 39. Rxd1 Bxd1 40. Nb5 Be2 41. c7 Kd7 42. Nxd6
Kxc7 43. Nf7 Kd7 44. Ng5 Ke7 45. Ne6 Kd6 46. Ng5 Bd3 47. g3 f3 48. Nxf3 Bxe4 49.
Nxe5 Kxe5 50. Kf1 Bxd5 51. Ke2 Ke4 52. Kd2 Kd4 53. Kc2 Ne3+ 54. Kb2 Be6 55. g4 Nxg4
56. Ka3 Ne5 57. Kb2 Kd3 58. Ka3 Kc4 59. Kb2 Nf3 60. Kc2 Bd7 61. Kb2 Ba4 62. Ka3 Bb3
63. Kb2 Kb4 64. Kc1 Kc3 65. Kb1 Nd4 66. Ka1 Nc2+ 67. Kb1 Bc4 68. Kc1 Ba2 69. Kd1
Nd4 70. Ke1 Kd3 71. Kf2 Ne2 72. Kf3 Be6 73. Kg2 Ke3 74. Kf1 Nf4 75. Ke1 Bb3 76. Kf1
Ba4 77. Ke1 Ng2+ 78. Kf1 Kf3 79. Kg1 Kg3 80. Kf1 Bb5+ 81. Kg1 Nf4 82. Kh1 Ba6 83.
Kg1 Nh3+ 84. Kh1 Bb7#  0-1

[Event "Summer Prague Open 2024 - A"]
[Site "Olympik hotel, Sokolovska 138, Praha"]
[Date "2024.08.04"]
[Round "3"]
[Board "27"]
[White "Bohatyrov, Mykola"]
[Black "Ptacnikova, Lenka"]
[Result "1-0"]
[WhiteElo "1847"]
[BlackElo "2086"]
[PlyCount "0"]
[EventDate "2024.08.02"]
[EventRounds "9"]
[EventCountry "CZE"]

1. d4 f5 2. Nc3 Nf6 3. Bg5 d5 4. Bxf6 exf6 5. e3 c6 6. Bd3 b5 7. Qf3 b4 8. Nce2 g6
9. h4 h5 10. Nf4 Rh6 11. Nxg6 Rxg6 12. Qxh5 Kf7 13. g4 Kg7 14. gxf5 Rh6 15. Qg4+
Kh8 16. Nf3 Bg7 17. O-O-O a5 18. Rdg1 Ra7 19. Rh2 Ba6 20. Bxa6 Nxa6 21. Rhg2 Re7
22. Qf4 Re4 23. Qg3 Rh7 24. h5 Re7 25. Nh4 Rf7 26. Ng6+ Kg8 27. Nf4 Qe7 28. Qg6 Kh8
29. h6 Rxh6 30. Qxh6+ Bxh6 31. Ng6+ Kh7 32. Nxe7 Rxe7 33. Rh2  1-0

[Event "Summer Prague Open 2024 - A"]
[Site "Olympik hotel, Sokolovska 138, Praha"]
[Date "2024.08.04"]
[Round "3"]
[Board "28"]
[White "Pejrimovsky, Tadeas Rubel"]
[Black "Zerafa, Robert"]
[Result "0-1"]
[WhiteElo "1841"]
[BlackElo "2068"]
[PlyCount "0"]
[EventDate "2024.08.02"]
[EventRounds "9"]
[EventCountry "CZE"]

1. e4 e5 2. Bc4 Nc6 3. Nc3 Nf6 4. d3 Na5 5. Bb3 Nxb3 6. axb3 Bb4 7. Bd2 d5 8. exd5
Nxd5 9. Nf3 O-O 10. O-O Nxc3 11. bxc3 Bd6 12. Re1 Re8 13. d4 exd4 14. cxd4 f6 15.
c4 Bg4 16. h3 Bh5 17. Ra5 Rxe1+ 18. Bxe1 Qe8 19. Bc3 b6 20. Ra2 Qe4 21. g4 Bf7 22.
Kg2 a5 23. Re2 Qb7 24. d5 c6 25. dxc6 Qxc6 26. Rd2 Bc5 27. Kg1 h6 28. Nd4 Bxd4 29.
Rxd4 a4 30. Rd8+ Rxd8 31. Qxd8+ Kh7 32. bxa4 Bxc4 33. Qd4 Qxa4 34. Kh2 Qc6 35. Qd2
Bf1 36. f4 Qf3 37. Bxf6 Qxh3+ 38. Kg1 Bd3 39. Bd4 Qxg4+ 40. Kf2 Qh4+ 41. Kg2 Be4+
42. Kf1 Qh3+ 43. Ke2 b5 44. Bb2 Qf3+ 45. Ke1 Bd3 46. Qf2 Qe4+ 47. Kd2 Bc4 48. f5
Qd3+ 49. Kc1 Ba2 50. Bd4 Bc4 51. f6 gxf6 52. Qxf6 Qf1+ 53. Kd2 Qxf6 54. Bxf6 Kg6
55. Be7 Kf5 56. Ke3 Ke5 57. Bc5 Kd5 58. Be7 Bf1 59. Kd2 Kc4 60. Kc2 h5 61. Bf6 b4
62. Be7 Bd3+ 63. Kb2 Bf5 64. Bf6 Be6 65. Be7 b3 66. Bf6 Kd3 67. Kc1 Ke3 68. Kd1 Bf5
69. Ke1 h4 70. Kf1 h3 71. Kg1 Kd2 72. Kh2 Kc2 73. Kg3 b2 74. Bxb2 Kxb2 75. Kh2 Kc2
76. Kg3 Kd2 77. Kh2 Ke2 78. Kg3 Ke3 79. Kh2 Kf3 80. Kg1 Kg3 81. Kh1 Be4+  0-1

[Event "Summer Prague Open 2024 - A"]
[Site "Olympik hotel, Sokolovska 138, Praha"]
[Date "2024.08.05"]
[Round "5"]
[Board "1"]
[White "Pulpan, Jakub"]
[Black "Prokofiev, Valentyn"]
[Result "1/2-1/2"]
[WhiteElo "2378"]
[BlackElo "2381"]
[PlyCount "0"]
[EventDate "2024.08.02"]
[EventRounds "9"]
[EventCountry "CZE"]

1. e4 c5 2. Nf3 Nc6 3. Nc3 g6 4. d4 cxd4 5. Nxd4 Bg7 6. Be3 Nf6 7. Bc4 Qa5 8. O-O
O-O 9. Bb3 d6 10. h3 Bd7 11. Nde2 b5 12. Ng3 Rfc8 13. f4 b4 14. Nd5 Nxd5  1/2-1/2

[Event "Summer Prague Open 2024 - A"]
[Site "Olympik hotel, Sokolovska 138, Praha"]
[Date "2024.08.05"]
[Round "5"]
[Board "5"]
[White "Galymbek, Alikhan"]
[Black "Anwesh, Upadhyaya"]
[Result "0-1"]
[WhiteElo "1970"]
[BlackElo "2373"]
[PlyCount "0"]
[EventDate "2024.08.02"]
[EventRounds "9"]
[EventCountry "CZE"]

1. e4 e5 2. Nf3 Nc6 3. Bc4 Nf6 4. d3 Bc5 5. Nc3 h6 6. O-O d6 7. h3 Be6 8. Bxe6 fxe6
9. Na4 Bb6 10. c3 O-O 11. Qe2 Qe8 12. Nxb6 axb6 13. d4 exd4 14. Nxd4 e5 15. Nf5 Qe6
16. a3 Na5 17. f3 Nb3 18. Rb1 d5 19. Qc2 dxe4 20. fxe4 Nc5 21. Ng3 Nfxe4 22. Rxf8+
Rxf8 23. Nxe4 Qg6 24. Be3 Qxe4 25. Qxe4 Nxe4 26. Rd1 Nf6 27. Kf2 b5 28. Ke2 Kf7 29.
Bc5 Ra8 30. Bg1 Ke6 31. Kf3 Rf8 32. Ke2 Nd5 33. g3 h5 34. h4 Nf6 35. Rd3 b6 36. Ke3
Ra8 37. Rd2 Ke7 38. Kf3 Rd8 39. Re2 Rd3+ 40. Re3 Rxe3+ 41. Bxe3 Ke6 42. Bg5 Kf5 43.
b3 c5 44. Bd2 Ne4 45. Be1 c4 46. bxc4 bxc4 47. Ke3 b5 48. Kf3 Nf6 49. Bd2 Nd5 50.
Be1 e4+ 51. Ke2 Kg4 52. Kf2 g6 53. Bd2 e3+ 54. Bxe3 Nxe3 55. Kxe3 Kxg3 56. Kd4 Kxh4
57. a4 bxa4 58. Kxc4  0-1

[Event "Summer Prague Open 2024 - A"]
[Site "Olympik hotel, Sokolovska 138, Praha"]
[Date "2024.08.05"]
[Round "5"]
[Board "6"]
[White "Tynyshtyk, Diana"]
[Black "Kulhanek, Tomas"]
[Result "1-0"]
[WhiteElo "1935"]
[BlackElo "2317"]
[PlyCount "0"]
[EventDate "2024.08.02"]
[EventRounds "9"]
[EventCountry "CZE"]

1. e4 d6 2. d4 Nf6 3. Nc3 c6 4. Be3 Qa5 5. Bd3 e5 6. f3 Be7 7. Nge2 O-O 8. O-O Na6
9. a3 b5 10. Kh1 Qc7 11. f4 b4 12. axb4 Nxb4 13. Bc4 d5 14. exd5 cxd5 15. Bb3 exd4
16. Nxd4 Ba6 17. Re1 Rfd8 18. Qf3 Qc8 19. Bf2 Bc5 20. Nf5 d4 21. Re5 Kh8 22. Nxg7
Bb7 23. Qg3 Bf8 24. Nh5 Nxh5 25. Rxh5 dxc3 26. Bxf7 Bxg2+ 27. Kg1 Bh6 28. Rxh6 Be4
29. f5 Qxf5 30. Bg6 Qf3 31. Qe5+ Kg8 32. Qe6+ Kf8 33. Bc5+  1-0

[Event "Summer Prague Open 2024 - A"]
[Site "Olympik hotel, Sokolovska 138, Praha"]
[Date "2024.08.05"]
[Round "5"]
[Board "7"]
[White "Walek, Petr"]
[Black "Sramek, Vojtech"]
[Result "1-0"]
[WhiteElo "2283"]
[BlackElo "2237"]
[PlyCount "0"]
[EventDate "2024.08.02"]
[EventRounds "9"]
[EventCountry "CZE"]

1. e4 c5 2. Nf3 d6 3. d4 cxd4 4. Nxd4 Nf6 5. Nc3 a6 6. Bg5 e6 7. Qe2 h6 8. Bd2 e5
9. Nb3 Be6 10. O-O-O Nbd7 11. h3 Rc8 12. f4 Be7 13. Kb1 b5 14. g4 Qc7 15. Be3 Nb6
16. Bxb6 Qxb6 17. f5 Bc4 18. Qf3 a5 19. Nd2 Bxf1 20. Nxf1 b4 21. Nd5 Nxd5 22. Rxd5
Bg5 23. Qd3 O-O 24. h4 Bf4 25. Nd2 Qf2 26. g5 Qg2 27. Rd1 hxg5 28. hxg5 Bxg5 29.
Rxa5 Rc5 30. Nc4 Rfc8 31. Nxd6 Rxa5 32. Nxc8 Qf2 33. Nd6 Qa7 34. Qc4 Be3 35. Nxf7
Bd4 36. Nxe5+  1-0

[Event "Summer Prague Open 2024 - A"]
[Site "Olympik hotel, Sokolovska 138, Praha"]
[Date "2024.08.05"]
[Round "5"]
[Board "9"]
[White "Bohatyrov, Mykola"]
[Black "Camarena Jimenez, Rufino"]
[Result "0-1"]
[WhiteElo "1847"]
[BlackElo "2279"]
[PlyCount "0"]
[EventDate "2024.08.02"]
[EventRounds "9"]
[EventCountry "CZE"]

1. e4 e6 2. Nf3 d5 3. e5 Ne7 4. d4 c5 5. c3 Nbc6 6. Bd3 Bd7 7. O-O Ng6 8. Be3 Qb6
9. Qe2 cxd4 10. cxd4 Nb4 11. Nc3 Nxd3 12. Qxd3 h6 13. Rab1 Be7 14. Nd2 Rc8 15. f4
Nh4 16. Bf2 h5 17. Bxh4 Bxh4 18. f5 exf5 19. Nxd5 Qb5 20. Qxb5 Bxb5 21. Rfc1 Kd7
22. Nf3 Bd8 23. Rxc8 Kxc8 24. Nc3 Bd7 25. d5 Bb6+ 26. Kh1 h4 27. Ng5 Be8 28. Rc1
Be3 29. Rc2 Kd8 30. Nf3 h3 31. Re2 Bb6 32. Ng5 hxg2+ 33. Rxg2 g6 34. Re2 Rh5 35.
Rg2 Be3 36. Nxf7+ Bxf7 37. e6 Be8 38. d6 Bc6  0-1

[Event "Summer Prague Open 2024 - A"]
[Site "Olympik hotel, Sokolovska 138, Praha"]
[Date "2024.08.05"]
[Round "5"]
[Board "10"]
[White "Eret, Matous"]
[Black "Kuhn, Ulf"]
[Result "1/2-1/2"]
[WhiteElo "2316"]
[BlackElo "2082"]
[PlyCount "0"]
[EventDate "2024.08.02"]
[EventRounds "9"]
[EventCountry "CZE"]

1. a3 c5 2. Nf3 Nc6 3. c4 g6 4. g3 Bg7 5. Bg2 e5 6. Nc3 Nge7 7. d3 O-O 8. Bd2 d6
9. Rb1 h6 10. b4 Rb8 11. O-O Be6 12. Ne1 cxb4 13. axb4 d5 14. b5 d4 15. Ne4 Na5 16.
Nc5 Bc8 17. Qa4 b6 18. Bxa5 bxa5 19. Nb3 a6 20. bxa6 Bxa6 21. Nc2 Bb7 22. Qxa5 Qc8
23. Bxb7 Qxb7 24. Nd2 Qd7 25. Rxb8 Rxb8 26. Rb1 Rc8 27. Ne4 f5 28. Nc5 Qc6 29. Na6
e4 30. Rb6 Qa8 31. Ncb4 exd3 32. exd3 f4 33. Re6 Qf3 34. Qa1 Nf5 35. Qf1 Rf8 36.
Qe2 Qxe2 37. Rxe2 f3 38. Re1 Kf7 39. c5 Rc8 40. g4 Ne7 41. h4 Nc6 42. Re4 g5 43.
Nd5 Ra8 44. Ndc7 Rc8 45. hxg5 hxg5 46. Re6 Ne5 47. Rd6 Nxd3 48. Rd7+ Kg6 49. Ne6
Be5 50. Nxd4 Nxc5 51. Nxc5 Rxc5 52. Nxf3 Bf4 53. Kg2 Ra5 54. Nd4 Kf6 55. Rb7 Rd5
56. Rb6+ Rd6 57. Rxd6+ Bxd6 58. Kf3 Bc5 59. Ke4 Ba7 60. Kd5 Bb6 61. f3 Bc7 62. Ne6
Bh2 63. Nc5 Bf4 64. Ne4+ Kf7 65. Nd6+  1/2-1/2

[Event "Summer Prague Open 2024 - A"]
[Site "Olympik hotel, Sokolovska 138, Praha"]
[Date "2024.08.05"]
[Round "5"]
[Board "12"]
[White "Kroulik, Vaclav"]
[Black "Kuhn, Tobias"]
[Result "0-1"]
[WhiteElo "2056"]
[BlackElo "2223"]
[PlyCount "0"]
[EventDate "2024.08.02"]
[EventRounds "9"]
[EventCountry "CZE"]

1. e4 c5 2. Nf3 Nc6 3. d4 cxd4 4. Nxd4 Nf6 5. Nc3 e5 6. Ndb5 d6 7. Nd5 Nxd5 8. exd5
Ne7 9. c4 Ng6 10. Qa4 Bd7 11. Qb4 Bf5 12. Qa4 Bd7 13. Qb4 Qb8 14. h4 h5 15. Bd3 f5
16. Bg5 a6 17. Nc3 Be7 18. Bxe7 Kxe7 19. Ne2 a5 20. Qd2 Kf7 21. b4 Qd8 22. bxa5 Qxa5
23. Qxa5 Rxa5 24. O-O Ra3 25. Bc2 Nxh4 26. Rfb1 Bc8 27. Rb6 Rh6 28. Bb3 Rg6 29. Ng3
Ra6 30. Rxa6 bxa6 31. Kf1 Nxg2 32. Kxg2 h4 33. Kf3 hxg3 34. fxg3 e4+ 35. Kf4 Rg4+
36. Ke3 Rxg3+ 37. Kf2 f4 38. c5 Bg4  0-1

[Event "Summer Prague Open 2024 - A"]
[Site "Olympik hotel, Sokolovska 138, Praha"]
[Date "2024.08.05"]
[Round "5"]
[Board "14"]
[White "Rousek, Jan"]
[Black "Golenia, Wojciech"]
[Result "0-1"]
[WhiteElo "2034"]
[BlackElo "2212"]
[PlyCount "0"]
[EventDate "2024.08.02"]
[EventRounds "9"]
[EventCountry "CZE"]

1. d4 Nf6 2. Nf3 e6 3. g3 b6 4. Bg2 Bb7 5. O-O Be7 6. c4 O-O 7. Nc3 Ne4 8. Qc2 Nxc3
9. Qxc3 c5 10. Rd1 Bf6 11. e3 cxd4 12. Nxd4 Bxg2 13. Kxg2 Qc7 14. Qd3 Rc8 15. b3
Qb7+ 16. e4 Na6 17. f3 d5 18. exd5 exd5 19. Bb2 dxc4 20. bxc4 Rd8 21. Rd2 Rd7 22.
Rad1 Rad8 23. Qe3 Nc5 24. Ba3 h6 25. Bxc5 Bg5  0-1

[Event "Summer Prague Open 2024 - A"]
[Site "Olympik hotel, Sokolovska 138, Praha"]
[Date "2024.08.05"]
[Round "5"]
[Board "15"]
[White "Jun, Rudolf"]
[Black "Taborsky, Rostislav"]
[Result "1/2-1/2"]
[WhiteElo "2198"]
[BlackElo "2051"]
[PlyCount "0"]
[EventDate "2024.08.02"]
[EventRounds "9"]
[EventCountry "CZE"]

1. e4 e6 2. d4 d5 3. Nc3 Bb4 4. exd5 exd5 5. Nf3 Nf6 6. Bd2 O-O 7. Be2 Re8 8. O-O
Bg4 9. h3 Bh5 10. Re1 Nbd7 11. a3 Bxc3 12. Bxc3 Ne4 13. Bd2 Qf6 14. Be3 c6 15. Qd3
Re7 16. Ne5 Bxe2 17. Qxe2 Rae8 18. Nxd7 Rxd7 19. f3 Nd6 20. Qd2 Rde7 21. b3 h5 22.
Bf2 Nf5 23. Rxe7 Rxe7 24. c4 dxc4 25. bxc4 c5 26. Rd1 Nxd4 27. Bxd4 cxd4 28. Qxd4
Re1+ 29. Kf2 Rxd1 30. Qxd1 Qh4+ 31. Ke3 Qxc4 32. Qd8+ Kh7 33. Qa5 Qc1+ 34. Kf2 Qb2+
35. Kf1 Qa1+ 36. Ke2 Qa2+ 37. Kf1 Qc4+ 38. Ke1 Qh4+ 39. Ke2 a6 40. Qf5+ Kg8 41. Qc8+
Kh7 42. Qf5+ Kg8  1/2-1/2

[Event "Summer Prague Open 2024 - A"]
[Site "Olympik hotel, Sokolovska 138, Praha"]
[Date "2024.08.05"]
[Round "5"]
[Board "23"]
[White "Pietrzak, Tomasz"]
[Black "Stocek, Martin"]
[Result "1/2-1/2"]
[WhiteElo "2013"]
[BlackElo "2176"]
[PlyCount "0"]
[EventDate "2024.08.02"]
[EventRounds "9"]
[EventCountry "CZE"]

1. d4 f5 2. Bg5 g6 3. Nc3 Bg7 4. e3 Nf6 5. h4 h6 6. Bxf6 Bxf6 7. Qf3 e6 8. Nge2 Nc6
9. Nf4 Ne7 10. g4 c6 11. gxf5 exf5 12. O-O-O d5 13. Bd3 Qd6 14. Rdg1 Rg8 15. Qg3
Bh8 16. Rg2 g5 17. hxg5 hxg5 18. Qh2 Qf6 19. Qh5+ Kd8 20. Qh7 Bd7 21. Nh5 Qg6 22.
Qxg6 Rxg6 23. Rhg1 g4 24. Rh2 Kc7 25. Nf4 Rgg8 26. Rh7 Bf6 27. Nce2 Rh8 28. Rgh1
Raf8 29. Ng3 Kd6 30. Kd2 b6 31. c4 c5 32. Rxh8 Rxh8 33. Rxh8 Bxh8 34. dxc5+ Kxc5
35. Nxd5 Nxd5 36. cxd5 Kxd5 37. Nxf5 Bxb2 38. Nh6 Bg7 39. Nf5 Bf6 40. Ke2 b5 41.
f3 gxf3+ 42. Kxf3 b4 43. Ng3 a5 44. Ne4 Bh4 45. Nd2 a4 46. Bc4+ Kc5 47. Bf7 Bb5 48.
Ne4+ Kb6 49. Kf4 Bd3 50. Ke5 Be1 51. Kd4 Bc2 52. Bc4 a3 53. Nd6 b3 54. Bxb3 Bxb3
55. Nc4+ Bxc4 56. Kxc4 Bd2 57. e4 Kc6 58. e5 Kd7 59. Kd5 Ke7 60. e6 Bc3 61. Kc4 Bb2
62. Kd5 Ba1 63. Kc4 Kxe6 64. Kb3 Bb2 65. Kc2 Kd5 66. Kb1 Kd4 67. Kc2 Kc4 68. Kb1
Bf6 69. Kc2 Bc3 70. Kb1 Kd3 71. Kc1 Be5 72. Kb1 Kc3 73. Kc1 Kd3 74. Kb1 Bb2  1/2-1/2

[Event "Summer Prague Open 2024 - A"]
[Site "Olympik hotel, Sokolovska 138, Praha"]
[Date "2024.08.05"]
[Round "5"]
[Board "24"]
[White "Holub, Adam"]
[Black "Pujari, Rucha"]
[Result "0-1"]
[WhiteElo "1980"]
[BlackElo "2175"]
[PlyCount "0"]
[EventDate "2024.08.02"]
[EventRounds "9"]
[EventCountry "CZE"]

1. e4 e5 2. Nf3 Nc6 3. Bb5 a6 4. Ba4 Nf6 5. O-O Be7 6. Qe2 b5 7. Bb3 O-O 8. c3 d6
9. Rd1 Na5 10. Bc2 c5 11. d4 Qc7 12. d5 Re8 13. h3 Rb8 14. Nbd2 Bf8 15. Nf1 g6 16.
Ng3 b4 17. Bd2 b3 18. axb3 Nxb3 19. Bxb3 Rxb3 20. Bc1 Rb8 21. Nd2 h5 22. Nc4 Bd7
23. Rxa6 Bb5 24. Ra3 Nd7 25. Nf1 Nb6 26. Nfe3 Ra8 27. Rxa8 Rxa8 28. b3 Qa7 29. Bb2
Qa2 30. Qc2 Nxc4 31. Nxc4 Bxc4 32. Ra1 Qxb3 33. Qxb3 Rxa1+ 34. Bxa1 Bxb3  0-1

[Event "Summer Prague Open 2024 - A"]
[Site "Olympik hotel, Sokolovska 138, Praha"]
[Date "2024.08.05"]
[Round "5"]
[Board "28"]
[White "Kotal, Vaclav"]
[Black "Thomas, Tobias"]
[Result "0-1"]
[WhiteElo "2151"]
[BlackElo "1966"]
[PlyCount "0"]
[EventDate "2024.08.02"]
[EventRounds "9"]
[EventCountry "CZE"]

1. d4 Nf6 2. Bg5 d5 3. Bxf6 exf6 4. e3 g6 5. g3 Bg7 6. Bg2 O-O 7. Ne2 Bg4 8. c4 dxc4
9. Nd2 c6 10. Nxc4 Nd7 11. O-O Nb6 12. Nd2 Re8 13. Nb3 Bf8 14. h3 Bxe2 15. Qxe2 Qd7
16. Rfc1 Rad8 17. a4 a6 18. a5 Nd5 19. Nc5 Bxc5 20. Rxc5 Qe6 21. Rac1 f5 22. Qc4
Nf6 23. Qb4 Qe7 24. Qb6 Ne4 25. Bxe4 fxe4 26. d5 Rxd5 27. Rxd5 cxd5 28. Rc7 Qe5 29.
Qxb7 d4 30. exd4 Qf5 31. Qc6 Re6 32. Qc5 Qxh3 33. Rc8+ Kg7 34. Qf8+ Kf6 35. Qh8+
Kg5 36. Rc5+ Kg4 37. Qb8 g5 38. Qb3 e3 39. f3+ Kxf3 40. Qb7+ Kg4 41. Rc2 e2  0-1

[Event "Summer Prague Open 2024 - A"]
[Site "Olympik hotel, Sokolovska 138, Praha"]
[Date "2024.08.06"]
[Round "6"]
[Board "9"]
[White "Kuhn, Tobias"]
[Black "Kudaibergen, Nurlykhan"]
[Result "1-0"]
[WhiteElo "2223"]
[BlackElo "2041"]
[PlyCount "0"]
[EventDate "2024.08.02"]
[EventRounds "9"]
[EventCountry "CZE"]

1. e4 e5 2. Bc4 Nc6 3. Nc3 Nf6 4. d3 Bb4 5. Nge2 d5 6. exd5 Nxd5 7. O-O Be6 8. Bxd5
Bxd5 9. f4 f6 10. Ng3 Bf7 11. Nce4 Qd7 12. fxe5 Nxe5 13. Rxf6 O-O-O 14. Rf1 h5 15.
Bg5 h4 16. Nf5 Bh5 17. Qc1 Rdf8 18. Nxh4 Rxf1+ 19. Kxf1 Nxd3 20. Qe3 Rf8+ 21. Kg1
Nxb2 22. Nc5 Qc6 23. Qh3+ Kb8 24. Nd7+ Ka8 25. Nxf8 Qc5+ 26. Kh1 Qxf8 27. Qb3 Nd1
28. Nf3 Nf2+ 29. Kg1 Bxf3 30. Qxf3 Qxf3 31. gxf3 Nh3+ 32. Kh1 Bc3 33. Rg1 Nxg1 34.
Kxg1 Kb8 35. Kf2 Kc8 36. Ke3 Kd7 37. Kd3 Be5 38. f4 Bd6 39. Ke4 Ke6 40. f5+ Kd7 41.
h4 Bf8 42. h5 b5 43. Be3 a5 44. Bd4 c5 45. Bb2 Kd6 46. f6 gxf6 47. Kf5 Ke7 48. Bxf6+
Kf7 49. Bb2 Bh6 50. Bh8 Kg8 51. Be5 Kf7 52. Bd6 c4 53. Ke5 Be3 54. Kd5 Kf6 55. Bc7
a4 56. Ba5 Kg5 57. Kc6 Kxh5 58. Kxb5 a3 59. Bb4 Kg5 60. Bxa3 Kf5 61. Bc5 Bd2 62.
a4 Ke6 63. Bb4 Be3 64. Kc6 Ba7 65. Bc5 Bb8 66. a5 Ke5 67. a6 c3 68. Kb7  1-0

[Event "Summer Prague Open 2024 - A"]
[Site "Olympik hotel, Sokolovska 138, Praha"]
[Date "2024.08.06"]
[Round "6"]
[Board "12"]
[White "Mirimanian, Hayk"]
[Black "Bacak, Petr"]
[Result "1/2-1/2"]
[WhiteElo "2290"]
[BlackElo "2049"]
[PlyCount "0"]
[EventDate "2024.08.02"]
[EventRounds "9"]
[EventCountry "CZE"]

1. e4 c5 2. Nf3 d6 3. d4 cxd4 4. Nxd4 Nf6 5. Nc3 a6 6. Be2 e5 7. Nb3 Be7 8. O-O O-O
9. Be3 Be6 10. Qd3 Nbd7 11. Nd5 Bxd5 12. exd5 b6 13. c4 Nc5 14. Qc2 Nfd7 15. Nd2
a5 16. b3 Bg5 17. Bxg5 Qxg5 18. a3 Qg6 19. Qxg6 hxg6 20. b4 axb4 21. axb4 Nb7 22.
Rfc1 Rfc8 23. Bd1 Nf6 24. Ba4 Nd8 25. Kf1 Kf8 26. Bb5 Ke7 27. Ke2 Ne8 28. Kd3 Nc7
29. h4 Rxa1 30. Rxa1 Ra8 31. Rxa8 Nxa8 32. Ne4 Nc7 33. Ba4 f5 34. Nc3 Na6 35. Na2
Nf7 36. Bc6 e4+ 37. Kd4 Ne5 38. Bb7 Nc7 39. Nc1 Ng4 40. f3 exf3 41. gxf3 Ne5 42.
f4 Nf3+ 43. Ke3 Nxh4 44. Nd3 Kf6 45. c5 bxc5 46. bxc5 dxc5 47. d6 Ne6 48. Bd5 Nf8
49. Nxc5  1/2-1/2

[Event "Summer Prague Open 2024 - A"]
[Site "Olympik hotel, Sokolovska 138, Praha"]
[Date "2024.08.07"]
[Round "7"]
[Board "1"]
[White "Pulpan, Jakub"]
[Black "Nothnagel, Marian Can"]
[Result "1/2-1/2"]
[WhiteElo "2378"]
[BlackElo "2410"]
[PlyCount "0"]
[EventDate "2024.08.02"]
[EventRounds "9"]
[EventCountry "CZE"]

1. e4 e5 2. Nf3 Nc6 3. Bc4 Nf6 4. d3 Bc5 5. O-O d6 6. c3 a5 7. Nbd2 Ba7 8. Re1 O-O
9. Nf1 Be6 10. Bb5 Ne7 11. d4 Ng6 12. h3 exd4 13. cxd4 d5 14. e5 Ne4 15. Be3 f5 16.
exf6 Qxf6 17. N1h2 c6 18. Bd3 Bb8 19. Qc2 Nh4 20. Nxh4 Qxh4 21. f3 Nf6 22. Bf2 Bxh2+
23. Kxh2 Ng4+ 24. Kg1 Nxf2  1/2-1/2

[Event "Summer Prague Open 2024 - A"]
[Site "Olympik hotel, Sokolovska 138, Praha"]
[Date "2024.08.07"]
[Round "7"]
[Board "2"]
[White "Anwesh, Upadhyaya"]
[Black "Prokofiev, Valentyn"]
[Result "1/2-1/2"]
[WhiteElo "2373"]
[BlackElo "2381"]
[PlyCount "0"]
[EventDate "2024.08.02"]
[EventRounds "9"]
[EventCountry "CZE"]

1. d4 d5 2. Nf3 Nf6 3. c4 e6 4. Bg5 Be7 5. Nc3 O-O 6. cxd5 exd5 7. e3 c6 8. Qc2 h6
9. Bh4 Nbd7 10. Bd3 Re8 11. O-O Ne4 12. Bxe7 Qxe7 13. b4 Ndf6 14. Rab1 a6 15. a4
Bf5 16. Ne2 Bg4 17. Ne5 Bxe2 18. Bxe2 Nd7 19. Nd3 Nd6 20. Nc5 b5 21. Nxd7 Qxd7 22.
a5  1/2-1/2